Statystyki dla Miasta Prus

Kliknij tutaj aby rozwiązać quiz!

Ogólne statystyki

  • Ten quiz został rozwiązany 21 razy
  • Średni wynik to 13 z 17

Statystyki odpowiedzi

MiastoLudnośćKraina% Poprawnych
Elbląg113 567Pogezania
100%
Olsztyn168 212Galindia
100%
Suwałki68 525Sudowia(Suwalszczyzna)
100%
Ełk60 070Sudowia
95%
Malbork37 050Pomezania
95%
Iława32 319Pomezania
79%
Bartoszyce21 682Barcja
74%
Braniewo16 223Warmia
74%
Kwidzyn37 175Pomezania
74%
Szczytno22 081Galindia
74%
Giżycko27 596Sudowia/Galindia
68%
Kętrzyn25 487Barcja
63%
Mrągowo20 808Galindia
63%
Ostróda31 488Sasinia
63%
Działdowo20 367Sasinia
58%
Olecko15 792Sudowia
47%
Pisz17 828Galindia/Sudowia
42%

Rozkład punktacji

Percentyl według liczby udzielonych odpowiedzi

Procent ludzi z każdym wynikiem

Twoja historia wyników

Nie rozwiązałeś tego quizu